Регионална библиотека "Любен Каравелов" - Русе

Василий Врач (Запис номер 129516)

MARC детайли
000 -Лидер
Контролно поле с фиксирана дължина 02563nam a2200481 a 4500
003 - Код на организацията, давaща контролен номер
Контролно поле BLK
005 - Дата и час на последна редакция
Контролно поле 20240611102842.0
008 - Елементи от данни с фиксирана дължина
fixed length control field 180409b bul|||||r ||||||| ||bul||
010 ## - Наследен системен номер
LC control number KNG00135253000
040 ## - Източник на каталожния запис
Идентификатор на билиотеката - собственик на записа BLK
041 ## - Код за език
Код за езика на текст/звукозапис или на отделно заглавие Български
Код за езика КДБФ Български
072 #7 - Код за тематичната категория
Код организация bullib
Код за тематична категория А
Текст Фонд Михаил Арнаудов
072 #7 - Код за тематичната категория
Код организация bullib
Код за тематична категория Я
Текст Автографи
080 ## - УДК
Текстов определител УДК Българска литература
УДК код - определител по УДК 821.163.2
УДК определител -312.6
УДК - код + определител 821.163.2-312.6
080 ## - УДК
Текстов определител УДК България през периода на развития феодализъм (1018-1396)
УДК код - определител по УДК 94(497.2)"1018/1396"
УДК определител (092)(0:82-31)
УДК - код + определител 94(497.2)"1018/1396"(092)(0:82-31)
080 ## - УДК
Текстов определител УДК Български духовен водач
УДК код - определител по УДК 929 Василий Врач
УДК - код + определител 929 Василий Врач
100 1# - Редна дума - Автор
Автор Богданов, Иван
Авторска отговорност първи автор
Автор - информация (биография) Генчев, Иван Богданов
R(LIN) 365495
139 ## - Редно поле
Редна дума Богданов, Иван
Авторски знак Бог - Б 54
245 10 - Сведения за заглавието
Заглавие Василий Врач
Подзаглавни данни Романизуван живот
Редно поле (дума) Иван Богданов; * Иван Богданов Генчев.
257 ## - Страна на издаване
Страна на създаване/издаване България
260 ## - Област на издателските данни
Място на издаване, разпространение и проч. София
Име на издателя, разпространителя и проч. Нар. младеж
Година на издаване 1968
300 ## - Физическа характеристика
Страници 212 с., 8 с л.
Илюстрации и др. ил., факс.
Размери/Мащаб 22 см
380 ## - Жанр
Жанр Худож. лит.
490 ## - СЕРИИ (Колекции)
Име на серия Библиотека България в образи
9 (RLIN) 204857
490 ## - СЕРИИ (Колекции)
Име на серия Книги за видни българи
№: серия № 8
9 (RLIN) 204612
490 ## - СЕРИИ (Колекции)
Име на серия Частна колекция - Академик Михаил Арнаудов
9 (RLIN) 396381
Бележки за серията Дарение - Основен фонд
500 ## - Общи забележки
Забележка Пълното име на авт. е Иван Богданов Генчев. - Фонд Михаил Арнаудов - Автограф с текст На академик Михаил Арнаудов с преклонение пред творческото му дело София 25.ХІ.1968 И Богданов. - Твърда подв.
600 14 - Име на лице, използвано като предмет
За него / За нея Василий Врач
9 (RLIN) 321751
650 #4 - Допълнително описание по предмет – тема
Основно описание – тема или топоним Василий Врач
9 (RLIN) 321751
651 #4 - Допълнително описание по предмет - топоним
Географско понятие България
9 (RLIN) 241624
653 ## - Ключова дума – ненормативна
Ключова дума Василий Врач
653 ## - Ключова дума – ненормативна
Ключова дума романизувани биографии
659 ## - Тематичен бюлетин
Тематичен бюлетин А
659 ## - Тематичен бюлетин
Тематичен бюлетин Я
700 ## - Други автори (авторска отговорност)
Лично име Генчев, Иван Богданов
9 (RLIN) 367896
852 ## - Местоположение
Форматна сигнатура Цб 45589
Фондова буква Хранилище
852 ## - Местоположение
Форматна сигнатура МА 469
Фондова буква Фонд "Михаил Арнаудов"
999 ## - СИСТЕМНИ КОНТРОЛНИ НОМЕРА
Koha biblionumber 129516
Koha biblioitemnumber 129516
942 ## - АРТИКУЛИ
Вид на библиотечния материал Книги
Скрит в OPAC Не
Периодичен библиозапис Да
944 ## - СЪЗДАВАНЕ И РЕДАКЦИЯ на ЗАПИСА
Създаване/Редакция Създаване
Дата на регистрацията/редакция 18.10.2012
Статус, дата на статуса Севдалина Тодорова
Служител, извършил регистрацията/редакцията 30540
944 ## - СЪЗДАВАНЕ И РЕДАКЦИЯ на ЗАПИСА
Създаване/Редакция Редакция
Дата на регистрацията/редакция 28.12.2016
Статус, дата на статуса 18.10.2012 - от С1,Р / 18.10.2012
Служител, извършил регистрацията/редакцията Геновева_Генчева
944 ## - СЪЗДАВАНЕ И РЕДАКЦИЯ на ЗАПИСА
Създаване/Редакция Редакция
Дата на регистрацията/редакция 2022-06-15
Служител, извършил регистрацията/редакцията Кети
999 ## - СИСТЕМНИ КОНТРОЛНИ НОМЕРА
Koha biblioitemnumber 129516
Наличности
Код за отписване Код за изгубен артикул Източник на класификационната схема Код за повреда Коз за рестрикции Код за отдаване Артикулен № Име на библиотеката - собственик Име на библиотеката, в която се намира в момента Статус (Текущо местоположение) Дата на вписване в системата Местоположение - отдел Цена в лева Инвентарен номер Систематично азбучна сигнатура Баркод Номер на екземпляра Цена в евро Служебна бележка Служебен тип на артикула Номерация (Хронология)
  Не е изгубен Universal Decimal Classification Не е повреден само за читалня ползва се в читалня 210473 Регионална библиотека "Любен Каравелов" Русе Регионална библиотека "Любен Каравелов" Русе Хранилище 1968-01-01 Хранилище 1.13 17685/68 Цб 45589 900000101567 1 0.58 Дост: Dp Вид: Д N: стар фонд Дата: 01.01.1968 Книги  
Изтеглен Не е изгубен Universal Decimal Classification Не е повреден без рестрикции заемане за дома 210474 Регионална библиотека "Любен Каравелов" Русе Регионална библиотека "Любен Каравелов" Русе Заемна - подръчен фонд 1968-01-01 Заемна - подръчен фонд 1.13 16800/68 П 886.7-31/В 26 900000042576 2 0.58 Дост: Pk Вид: Ф N: стар фонд Дата: 01.01.1968 Дата инв: 14.02.2018 Бележки инв: П2018 Книги  
  Не е изгубен Universal Decimal Classification Не е повреден само за читалня Специални фондове ( старопечатни, редки и ценни, фонд М. Арнаудов) 210475 Регионална библиотека "Любен Каравелов" Русе Регионална библиотека "Любен Каравелов" Русе Фонд "Михаил Арнаудов" 1973-01-01 Фонд "Михаил Арнаудов" 1.13 587269 МА 469 120000587269 3 0.58 Дост: DA Вид: А N: стар фонд Дата: 01.01.1973 Книги Автограф: Иван Богданов
Vip Innovations Ltd, Rousse, Bulgaria 2025